Roundtable on interim and confidence building measures in Central America. The Central American crisis. Parte I /
Gespeichert in:
| 1. Verfasser: | |
|---|---|
| Körperschaft: | |
| Weitere Verfasser: | |
| Format: | Text |
| Veröffentlicht: |
Ottawa:
CAPA
|
| Tags: |
Tag hinzufügen
Keine Tags, Fügen Sie den ersten Tag hinzu!
|
MARC
| LEADER | 00000 a a2200000 04500 | ||
|---|---|---|---|
| 001 | 25488 | ||
| 003 | |||
| 040 | |||
| 090 | |a 152704 | ||
| 100 | |a North, Liisa | ||
| 110 | |a Centre American Policy Alternatives | ||
| 245 | |a Roundtable on interim and confidence building measures in Central America. The Central American crisis. Parte I / |c Liisa North | ||
| 260 | |a Ottawa: |b CAPA | ||
| 300 | |a 108 p | ||
| 700 | |a Baranyi, Steven |a Leonard, Julie | ||
| 999 | |c 5361 |d 5361 | ||
